| 000 | 00607nam a22001937a 4500 | ||
|---|---|---|---|
| 003 | SISC | ||
| 005 | 20160621174216.0 | ||
| 008 | 160621b xxu||||| |||| 00| 0 eng d | ||
| 020 | _a9781292061313 | ||
| 050 | _aQE 26.3 T179 2015 | ||
| 245 |
_aEarth science / _cEdward J. Tarbuck [and] Frederick K. Lutgens; illustrated by Dennis Tasa. |
||
| 250 | _a14th ed. | ||
| 260 |
_aBoston, USA : _bPearson Education, _cc2015. |
||
| 300 |
_a788 p. : _bcol. ill. ; _c28 cm. |
||
| 650 |
_aEarth sciences _vTextbooks. |
||
| 700 | _aLutgens, Frederick K. | ||
| 700 | _aTasa, Dennis, ill. | ||
| 942 |
_2lcc _cBK |
||
| 999 |
_c296178 _d296178 |
||